| 000 | 00958cab a2200289 4500 | ||
|---|---|---|---|
| 001 | WB3113-15 | ||
| 008 | 090401t1995 xxu||||| |||| 00| 0 eng d | ||
| 035 | _a(Sirsi) u41069 | ||
| 041 | _aeng | ||
| 245 | _aPollution permits | ||
| 260 | _c1995 | ||
| 350 | _a0 | ||
| 490 |
_aFinancial Times _v30 March 1995, 10(1) |
||
| 520 | _aA system of tradeable pollution permits, whereby the pollution regulator lays down a maximum level for emissions or discharges, and companies can then buy and sell permits amongst themselves, is under consideration by government. | ||
| 650 | _aDISCHARGES | ||
| 650 | _aEMISSIONS | ||
| 650 | _aENVIRONMENTAL INDICATORS | ||
| 650 | _aENVIRONMENTAL POLICY | ||
| 650 | _aPERMIT SCHEME | ||
| 650 | _aPOLLUTION | ||
| 650 | _aRIVER POLLUTION | ||
| 650 | _aENVIRONMENT WHITE PAPER 1990 | ||
| 650 | _aTRADEABLE POLLUTION PERMITS | ||
| 690 | _aENVIRONMENTAL AND LAND CONSULTANCY | ||
| 942 | _n0 | ||
| 948 | _c04/03/1997 | ||
| 999 |
_c26363 _d26363 |
||